000
00254nam a2200109Ia 4500
008
220204s9999 xx 000 0 und d
082
_a
82-3MB
_b
CAR
100
_a
Rosemary
245
0
_a
Adam's bride
260
_a
London
_b
Mills and Boon
_c
1977
942
_c
BK
999
_c
31534
_d
31534